|
|
|
|
| LEADER |
02171cam a2200541 i 4500 |
| 001 |
nkc20183011292 |
| 003 |
CZ PrNK |
| 005 |
20181023093708.0 |
| 007 |
ta |
| 008 |
180709s2018 xr acfhe 000 0 cze d |
| 015 |
|
|
|a cnb003011292
|
| 020 |
|
|
|a 978-80-206-1747-7
|q (vázáno) :
|c Kč 199,00
|
| 035 |
|
|
|a (OCoLC)1065951328
|
| 040 |
|
|
|a KLG001
|b cze
|d OLA001
|e rda
|
| 043 |
|
|
|a e-cs---
|a e-xr---
|b e-xr-pa
|2 czenas
|
| 045 |
|
|
|a x3x3
|
| 072 |
|
7 |
|a 355/359
|x Vojenství. Obrana země. Ozbrojené síly
|2 Konspekt
|9 15
|
| 080 |
|
|
|a 355.45
|2 MRF
|
| 080 |
|
|
|a 355.457
|2 MRF
|
| 080 |
|
|
|a 94(437.314)
|2 MRF
|
| 080 |
|
|
|a (437)
|2 MRF
|
| 080 |
|
|
|a (048.8)
|2 MRF
|
| 100 |
1 |
|
|a Gruntová, Jitka,
|d 1945-2026
|7 jn19990216052
|4 aut
|
| 245 |
1 |
0 |
|a Boj o hranici :
|b Moravská Chrastová 1938 /
|c Jitka Gruntová, František Vašek
|
| 246 |
3 |
0 |
|a Moravská Chrastová 1938
|
| 264 |
|
1 |
|a Praha :
|b Naše vojsko,
|c 2018
|
| 300 |
|
|
|a 110 stran, 16 nečíslovaných obrazových příloh :
|b ilustrace, portréty, faksimile ;
|c 22 cm
|
| 336 |
|
|
|a text
|b txt
|2 rdacontent
|
| 337 |
|
|
|a bez média
|b n
|2 rdamedia
|
| 338 |
|
|
|a svazek
|b nc
|2 rdacarrier
|
| 504 |
|
|
|a Obsahuje bibliografii a bibliografické odkazy
|
| 648 |
|
7 |
|a 1938
|7 ch460651
|2 czenas
|
| 650 |
0 |
7 |
|a obrana státu
|7 ph123600
|z Československo
|y 1938
|2 czenas
|
| 650 |
0 |
7 |
|a ochrana státní hranice
|7 ph139179
|z Československo
|y 1938
|2 czenas
|
| 650 |
0 |
9 |
|a state defence
|z Czechoslovakia
|y 1938
|2 eczenas
|
| 650 |
0 |
9 |
|a defence of state boundary
|z Czechoslovakia
|y 1938
|2 eczenas
|
| 651 |
|
7 |
|a Moravská Chrastová (Brněnec, Česko)
|7 ge130083
|x dějiny
|y 1938
|2 czenas
|
| 651 |
|
9 |
|a Moravská Chrastová (Brněnec, Czechia)
|x history
|y 1938
|2 eczenas
|
| 655 |
|
7 |
|a studie
|7 fd133597
|2 czenas
|
| 655 |
|
9 |
|a studies
|2 eczenas
|
| 700 |
1 |
|
|a Vašek, František,
|d 1924-2008
|7 pna2004259187
|4 aut
|
| 910 |
2 |
|
|a BOA001
|b 2-1413.791
|
| 920 |
|
|
|a 1191811
|z KLG001
|
| 990 |
|
|
|a BK
|
| 995 |
|
|
|a 01
|
| 991 |
|
|
|b 201809
|c NOV
|
| 996 |
6 |
|
|b 2610753535
|c 2-1413.791
|l MZK
|r Sklad / do 1 hodiny
|n 1
|p p.v.
|w 001681390
|u 000010
|a 1
|e BOA001
|j MZK50
|s P
|
| 996 |
7 |
|
|b 2610755349
|c 2-1413.791
|l MZK
|r Sklad / do 1 hodiny
|n 3
|p kup
|w 001681390
|u 000020
|a 1
|e BOA001
|j MZK50
|s A
|